Champions de France de Ligue 2 - Statistiques

Statistiques générales
  • Ce quiz a été pris 541 fois
  • Le résultat moyen est 61 sur 80
Statistiques - réponses
Année Club % Correct
1995 Olympique de Marseille
95%
1971 Paris Saint-Germain FC
93%
1937 RC Lens
92%
1949 RC Lens
92%
1973 RC Lens
92%
2009 RC Lens
92%
1964 Lille OSC
91%
1974 Lille OSC
91%
1978 Lille OSC
91%
2000 Lille OSC
91%
1951 Olympique lyonnais
89%
1954 Olympique lyonnais
89%
1989 Olympique lyonnais
89%
1992 FC Girondins de Bordeaux
88%
1977 RC Strasbourg
88%
1988 RC Strasbourg
88%
2017 RC Strasbourg
88%
1953 Toulouse FC
88%
1982 Toulouse FC
88%
2003 Toulouse FC
88%
1935 CS Metz
87%
2007 FC Metz
87%
2014 FC Metz
87%
2013 AS Monaco FC
86%
1948 OGC Nice
84%
1965 OGC Nice
84%
1970 OGC Nice
84%
1994 OGC Nice
84%
1983 Stade rennais FC
83%
1956 Stade rennais UC
83%
1987 Montpellier PSC
82%
1946 (Sud) SO Montpellier
82%
1961 SO Montpellier
82%
1963 AS Saint-Etienne
81%
1999 AS Saint-Etienne
81%
2004 AS Saint-Etienne
81%
1980 AJ Auxerre
80%
1975 AS Nancy-Lorraine
80%
1998 AS Nancy-Lorraine
80%
2005 AS Nancy-Lorraine
80%
2016 AS Nancy-Lorraine
80%
1946 (Nord) FC Nancy
80%
1958 FC Nancy
80%
1981 Stade brestois
80%
1967 AC Ajaccio
79%
2002 AC Ajaccio
79%
1986 RC Paris
79%
1966 Stade de Reims
79%
1990 AS Nancy-Lorraine
78%
1952 Stade français
78%
2015 ES Troyes AC
77%
1947 FC Sochaux-Montbéliard
77%
2001 FC Sochaux-Montbéliard
77%
1938 Le Havre AC
76%
1959 Le Havre AC
76%
1985 Le Havre AC
76%
1991 Le Havre AC
76%
2008 Le Havre AC
76%
1968 SC Bastia
75%
2012 SC Bastia
75%
1996 SM Caen
72%
2010 SM Caen
72%
1950 Nîmes Olympique
70%
1969 SCO Angers
70%
1976 SCO Angers
70%
1960 FC Grenoble
66%
1962 FC Grenoble
66%
1972 US Valenciennes-Anzin
63%
2006 Valenciennes FC
63%
2011 Evian Thonon Gaillard FC
55%
1955 CS Sedan-Ardennes
54%
1936 FC Rouen
51%
1934 (Nord) Red Star Olympique
51%
1939 Red Star Olympique
51%
1984 FC Tours
43%
1997 LB Châteauroux
37%
1993 FC Martigues
31%
1979 FC Gueugnon
30%
1934 (Sud) Olympique Alès
16%
1957 Olympique Alès
16%
Aucun quiz correspondant
Distribution des résultats
% des personnes avec chaque résultat
Percentile par nombre de réponses
Votre historique - résultats
Vous n’avez pas pris ce quiz